Football by Letter - M - Statistics

General Stats
  • This quiz has been taken 327 times
    23 since last reset
  • The average score is 14 of 22
Answer Stats
Hint Answer % Correct
Scored a hat trick in the World Cup final Kylian Mbappe
100%
Won the Ballon d'Or eight times Lionel Messi
100%
The only English team to have won four consecutive Premier League titles Manchester City
100%
20-time Premier League winner Manchester United
95%
They have won the Champions League or UEFA Cup seven times AC Milan
85%
Scored the a goal in the 1986 World Cup with his hand Diego Maradona
85%
Ballond'Or winner 2018 Luka Modric
85%
Host of the World Cup in 1970, 1986 and 2026 Mexico
80%
Africas player of the year in 2018 and 2022 Sadio Mane
80%
The only African country to reach the World Cup semi-finals Morocco
75%
FC Bayern Munich's record player Thomas Muller
75%
AC Milan's record player Paolo Maldini
65%
Atletico Madrid stadium Estadio Metropolitano
60%
Scored the last-minute goal that won FC Bayern Munich the Bundesliga title in 2022/23 Jamal Musiala
55%
Scored twice in the 2009/10 Champions League final Diego Milito
50%
Spanish team that reached the quarter-finals in its first Champions League season Malaga CF
50%
SSC Napoli's record goalscorer Dries Mertens
45%
First ever UEFA Champions League winner Olympique Marseille
45%
Was named Coach of the Year four times Jose Mourinho
35%
Paris Saint-Germain's record player Marquinhos
35%
Ballond'Or winner 1990 Lothar Matthaus
25%
Golden Boy Winner 2015 Anthony Martial
20%
No matching quizzes found
Score Distribution
Percent of People with Each Score
Percentile by Number Answered
Your Score History
You have not taken this quiz since the last reset